MARC details
| 000 -LEADER |
| fixed length control field |
02513cam a22004695i 4500 |
| 001 - CONTROL NUMBER |
| JCCL Control Number |
14277 |
| 003 - CONTROL NUMBER IDENTIFIER |
| JCCL marc code |
BD-JhCC |
| 005 - DATE AND TIME OF LATEST TRANSACTION |
| control field |
20250226114324.0 |
| 008 - FIXED-LENGTH DATA ELEMENTS--GENERAL INFORMATION |
| fixed length control field |
150528s2023 cauabd e a 001 0 eng d |
| 020 ## - INTERNATIONAL STANDARD BOOK NUMBER |
| International Standard Book Number |
9781718502703 |
| 020 ## - INTERNATIONAL STANDARD BOOK NUMBER |
| International Standard Book Number |
1718502702 |
| 035 ## - SYSTEM CONTROL NUMBER |
| system control number |
(OCoLC)14277 |
| 040 ## - CATALOGING SOURCE |
| Original cataloging agency |
UKMGB |
| Description conventions |
rda |
| Transcribing agency |
UKMGB |
| Modifying agency |
OCLCF |
| -- |
IHY |
| -- |
LE@ |
| -- |
YDX |
| -- |
NYP |
| -- |
OPW |
| -- |
BKL |
| -- |
VP@ |
| -- |
UAP |
| -- |
LMR |
| -- |
IBI |
| -- |
OCL |
| -- |
FHP |
| -- |
TXSCH |
| -- |
YDX |
| -- |
CQC |
| -- |
OCL |
| -- |
TRC |
| -- |
GYG |
| -- |
OCLCO |
| -- |
DLC |
| 041 ## - LANGUAGE CODE |
| Language code of Book |
eng |
| 082 04 - DEWEY DECIMAL CLASSIFICATION NUMBER |
| Classification number |
005.133 |
| DDC Edition number |
23 |
| 100 1# - MAIN ENTRY--PERSONAL NAME |
| Personal name |
Matthes, Eric, |
| Dates associated with a name |
1972- |
| 245 10 - TITLE STATEMENT |
| Title |
Python crash course : |
| Remainder of title |
a hands-on, project-based introduction to programming / |
| Statement of responsibility, etc |
by Eric Matthes. |
| 250 ## - EDITION STATEMENT |
| Edition statement |
3rd edition. |
| 260 ## - PUBLICATION, DISTRIBUTION, ETC. (IMPRINT) |
| Place of publication, distribution, etc |
USA: |
| Name of publisher, distributor, etc |
William Pollock; |
| Date of publication, distribution, etc |
2023. |
| 300 ## - PHYSICAL DESCRIPTION |
| Pagination |
xxxvi, 514 pages : |
| Other physical details |
illustrations (black and white), maps, charts ; |
| Dimensions |
24 cm |
| 500 ## - GENERAL NOTE |
| General note |
Previous edition: 2019. |
| 500 ## - GENERAL NOTE |
| General note |
Includes index. |
| 505 00 - FORMATTED CONTENTS NOTE |
| Title |
Part I: basics -- |
| -- |
Getting started -- |
| -- |
Variables and simple data types -- |
| -- |
Introducing lists -- |
| -- |
Working with lists -- |
| -- |
If statements -- |
| -- |
Dictionaries -- |
| -- |
User input and while loops -- |
| -- |
Functions -- |
| -- |
Classes -- |
| -- |
Files and exceptions -- |
| -- |
Testing your code -- |
| -- |
Part II: projects -- |
| -- |
A ship that fires bullets -- |
| -- |
Aliens! -- |
| -- |
Scoring -- |
| -- |
Generating data -- |
| -- |
Downloading data -- |
| -- |
Working with APIS -- |
| -- |
Getting started with Django -- |
| -- |
User accounts -- |
| -- |
Styling and deploying an app -- |
| -- |
Installation and troubleshooting -- |
| -- |
Text editors and IDES -- |
| -- |
Getting help -- |
| -- |
Using GIT for version control -- |
| -- |
Troubleshooting deployments -- |
| 520 ## - SUMMARY, ETC. |
| Summary, etc |
Includes instructions for basic concepts such as variables, lists, classes, and loops. Practice exercises come with each topic. The end goal is the creation of a Space Invaders-inspired arcade game to deploy online. |
| 650 #0 - SUBJECT ADDED ENTRY--TOPICAL TERM |
| Topical term or geographic name as entry element |
Python (Computer program language) |
| 650 #0 - SUBJECT ADDED ENTRY--TOPICAL TERM |
| Topical term or geographic name as entry element |
Computer programming. |
| 650 #6 - SUBJECT ADDED ENTRY--TOPICAL TERM |
| Topical term or geographic name as entry element |
Python (Langage de programmation) |
| 650 #6 - SUBJECT ADDED ENTRY--TOPICAL TERM |
| Topical term or geographic name as entry element |
Programmation (Informatique) |
| 650 #7 - SUBJECT ADDED ENTRY--TOPICAL TERM |
| Topical term or geographic name as entry element |
computer programming. |
| 650 #7 - SUBJECT ADDED ENTRY--TOPICAL TERM |
| Topical term or geographic name as entry element |
COMPUTERS / Languages / Python. |
| 650 #7 - SUBJECT ADDED ENTRY--TOPICAL TERM |
| Topical term or geographic name as entry element |
COMPUTERS / Computer Science. |
| 650 #7 - SUBJECT ADDED ENTRY--TOPICAL TERM |
| Topical term or geographic name as entry element |
COMPUTERS / Programming / Open Source. |
| 650 #7 - SUBJECT ADDED ENTRY--TOPICAL TERM |
| Topical term or geographic name as entry element |
Computer programming |
| 650 #7 - SUBJECT ADDED ENTRY--TOPICAL TERM |
| Topical term or geographic name as entry element |
Python (Computer program language) |
| 650 #7 - SUBJECT ADDED ENTRY--TOPICAL TERM |
| Topical term or geographic name as entry element |
Python (Computer language) |
| 650 #7 - SUBJECT ADDED ENTRY--TOPICAL TERM |
| Topical term or geographic name as entry element |
Computer programming. |
| 655 #7 - |
| Genre/form data or focus term |
handbooks. |
| Source of term |
aat |
| 655 #7 - |
| Genre/form data or focus term |
Handbooks and manuals |
| Source of term |
fast |
| 655 #7 - |
| Genre/form data or focus term |
Handbooks and manuals. |
| Source of term |
lcgft |
| 655 #7 - |
| Genre/form data or focus term |
Guides et manuels. |
| Source of term |
rvmgf |
| 942 ## - ADDED ENTRY ELEMENTS (KOHA) |
| Source of classification or shelving scheme |
Dewey Decimal Classification |
| Koha item type |
Books |